Central Library OPAC University of Rajshahi

Europe: (Record no. 21762)

MARC details
000 -LEADER
fixed length control field 00826cam a22002771 4500
001 - CONTROL NUMBER
control field 21762
003 - CONTROL NUMBER IDENTIFIER
rucl marc code BD-RjUL
005 - DATE AND TIME OF LATEST TRANSACTION
control field 20211209000727.0
008 - FIXED-LENGTH DATA ELEMENTS--GENERAL INFORMATION
fixed length control field 140305r19691964nyuabd b 001 0 eng
035 ## - SYSTEM CONTROL NUMBER
System control number (BD-RjUL)21827
System control number (OCoLC)487650
040 ## - CATALOGING SOURCE
Original cataloging agency DLC
Transcribing agency ODaWU
Modifying agency OCoLC
-- DLC
-- BD-RjUL
Language of cataloging eng
041 ## - LANGUAGE CODE
Language code of text/sound track or separate title eng
082 ## - DEWEY DECIMAL CLASSIFICATION NUMBER
Classification number 914
Author mark and year SHE
100 1# - MAIN ENTRY--PERSONAL NAME
Personal name Shackleton, Margaret Reid.
9 (RLIN) 67211
245 10 - TITLE STATEMENT
Title Europe:
Remainder of title a regional geography.
250 ## - EDITION STATEMENT
Edition statement 7th ed.
260 ## - PUBLICATION, DISTRIBUTION, ETC. (IMPRINT)
Place of publication, distribution, etc. New York :
Name of publisher, distributor, etc. F. A. Praeger,
Date of publication, distribution, etc. c1964 [reprinted 1969]
300 ## - PHYSICAL DESCRIPTION
Pagination xiv, 572 p. :
Illustrations illus., charts, maps. ;
Size 23 cm.
504 ## - BIBLIOGRAPHY, ETC. NOTE
Bibliography, etc Includes bibliographies and index.
650 #0 - SUBJECT ADDED ENTRY--TOPICAL TERM
Topical term or geographic name as entry element Physical geography
Geographic subdivision Europe.
9 (RLIN) 67212
651 #0 - SUBJECT ADDED ENTRY--GEOGRAPHIC NAME
Geographic name Europe
General subdivision Description and travel.
9 (RLIN) 65724
942 ## - ADDED ENTRY ELEMENTS (KOHA)
Source of classification or shelving scheme Dewey Decimal Classification
Koha item type Books
Holdings
Lost status Source of classification or shelving scheme Damaged status Not for loan Collection code Permanent Location Current Location Shelving location Date acquired Total Checkouts Full call number Date last seen Copy number Koha item type
  Dewey Decimal Classification   Added to bundle Non-fiction Central Library, University of Rajshahi Central Library, University of Rajshahi Reading Room 05/03/2014   914 SHE 1969 05/03/2014 C-1 Books